000 00740nam a2200265 a 4500
001 10001
003 CO-ViMGA
008 141112s2004 ck r 000 u spa d
020 _a843296221
040 _aCO-ViMGA
_bspa
_cCO-ViMGA
082 0 4 _a621.75 R15m
100 1 _aRamirez Vásquez ; Jose,
_952266
245 1 0 _aManual Autodidáctico de Talleres Electronicos
260 _aBarcelona :
_bCeac S.A,
_c1986
300 _a378p. : il.
490 _aManuales Autodidácticos Electricidad
650 1 4 _aCINCELADO Y CIZALLADO
_912399
650 1 4 _aLIMADO
_912400
650 1 4 _aROSCAS Y ROSCADO
_912401
650 1 4 _aSERRADO
_912402
650 1 4 _aSOLDADURA
_953953
650 1 4 _aTALADRO
650 1 4 _aTRAZADO
_912403
942 _2ddc
_cBK
999 _c21378
_d21378